Quiz o Gdyni - Statystyki

Ogólne statystyki
  • Ten quiz został rozwiązany 1 421 razy
    1 316 od ostatniego zresetowania
  • Średni wynik to 11 z 18
Statystyki odpowiedzi
Wskazówka Odpowiedź % Poprawnych
Województwo w którym się znajduje Pomorskie
98%
Najbardziej znany klub piłkarski wmieście Arka Gdynia
93%
Aglomeracja do której należy Trójmiasto
82%
Środek miejskiego transportu zaczynają się na literę T Trolejbus
82%
Zatoka nad którą leży miasto Zatoka Gdańska
79%
Rejestracje samochodowe miasta GA
73%
Posiada 2 największy__ w Polsce Port
65%
Jest 3 największym miastempod względem __ w Polsce Powierzchni
62%
Rok w którym uzyskała prawa miejskie 1926
60%
W jakiej dzielnicy znajduje się Molo Orłowo
55%
Statki Muzeum Błyskawica
47%
Statki Muzeum Dar Pomorza
47%
Najludniejsza dzielnica Chylonia
46%
Obiekty widoczne na herbie Gdyni Ryby
42%
Obiekty widoczne na herbie Gdyni Miecz
41%
Aktualna prezydent miasta Aleksandra Kosiorek
29%
Niemiecka nazwa miasta Gdingen
26%
Największa rzeka w mieście Kacza
25%
Nie znaleziono quizów pasujących do podanych kryteriów
Rozkład punktacji
Procent ludzi z każdym wynikiem
Percentyl według liczby udzielonych odpowiedzi
Twoja historia wyników
Nie rozwiązałeś tego quizu od ostatniego zresetowania